Les ottomans et le temps /

In recent years, there has been an increased interest in the study of the concept of time in the Ottoman Empire. Many existing studies focused on the technical aspects, e.g. the measure of time, and the instruments to do this (like clepsydras, water clocks, hourglasses, and sundials found on the fac...

Full description

Saved in:

Other Authors: Georgeon, François., Hitzel, Frédéric.

Format: eBook

Language: French
English

Published: Leiden ; Boston : Brill, 2012.

Series: The Ottoman Empire and its Heritage 49.
Middle East and Islamic Studies E-Books Online, Collection 2012, ISBN: 9789004223295.

Subjects:

Online Access: Login to view Source

Tags: Add Tag

No Tags, Be the first to tag this record!

Call Number: DR486 .O885 2012

LEADER 04530nam a2200541 i 4500
001 BRILL9789004217799
003 nllekb
005 20211118221701.0
006 m d
007 cr un uuuua
008 110929s2012 ne a sb 000 0 fre d
010 |a  2011039157 
020 |a 9789004217799  |q (electronic book) 
020 |z 9789004211322  |q (print) 
024 7 |a 10.1163/9789004217799  |2 DOI 
040 |a NL-LeKB  |c NL-LeKB  |e rda 
041 0 |a fre  |a eng 
043 |a a-tu--- 
050 4 |a DR486  |b .O885 2012 
072 7 |a HBJF1  |2 bicssc 
072 7 |a HIS  |x 003000  |2 bisacsh 
082 0 4 |a 956/.015  |2 23 
245 0 4 |a Les ottomans et le temps /  |c sous la direction de François Georgeon et Frédéric Hitzel. 
264 1 |a Leiden ;  |a Boston :  |b Brill,  |c 2012. 
300 |a 1 online resource (vii, 387 pages) :  |b illustrations. 
336 |a text  |b txt  |2 rdacontent 
337 |a computer  |b c  |2 rdamedia 
338 |a online resource  |2 rdacarrier 
490 1 |a The Ottoman Empire and its heritage : politics, society and economy,  |x 1380-6076 ;  |v v. 49 
500 |a "Le présent ouvrage a pour point de départ les recherches présentées et les réflexions élaborees au séminaire " Etat et société a la fin de l'Empire ottoman " de l'École des Hautes Études en Sciences Sociales au cours de l'année 2003-2004"--Introd. 
504 |a Includes bibliographical references. 
505 0 0 |t Preliminary Material --   |t Présentation --   |t De la clepsydre à l'horloge. L'art de mesurer le temps dans l'Empire ottoman /  |r Frédéric Hitzel --   |t An Ottoman Astrologer at Work: Sadullah el-Ankarâvİ and the Everyday Practice of Il̇ m-i Nücûm /  |r Gülçin Tunali Koç --   |t Les tours d'horloge ottomanes : inventaire préliminaire et remarques generales /  |r Klaus Kreiser --   |t L'homme d'État ottoman, maître du temps : la crise de 1566 /  |r Nicolas Vatin --   |t Des histoires des sultans a l'histoire de l'État. Une enquête sur le temps du pouvoir ottoman (XVIe-XVIIIe siècles) /  |r Nikos Sigalas --   |t Le temps des almanachs ottomans : usage des calendriers et temps de l'histoire (1873-1914) /  |r Özgür Türesay --   |t À l'heure de la province: querelles de clocher et rythmiques d'empire /  |r Marc Aymes --   |t Les temps entrelacés de deux villes pluricommunautaires : Smyrne et Monastir /  |r Bernard Lory and Hervé Georgelin --   |t Kurûn-i vustâ : la découverte du « Moyen Âge » par les Ottomans /  |r Johann Strauss --   |t Temps de la réforme, réforme du temps. Les avatars de l'heure et du calendrier à la fin de l'Empire ottoman /  |r François Georgeon --   |t With the Precision of a Watch? Time Organization in the Ottoman Army, 1826-1918 /  |r Avner Wishnitzer --   |t Le temps de l'école, le temps à l'école /  |r Gülsün Güvenlİ --   |t À la recherche du temps ottoman. Nostalgie et modernité chez quelques écrivains turcs du milieu du XXe siècle /  |r Timour Muhidine --   |t Temps vécu et temps musical en milieu yörük de Turquie méridionale /  |r Jérôme Cler --   |t Le temps musulman /  |r Ahmet Hâşim --   |t Bibliographie générale. 
506 |a Available to subscribing member institutions only. 
520 |a In recent years, there has been an increased interest in the study of the concept of time in the Ottoman Empire. Many existing studies focused on the technical aspects, e.g. the measure of time, and the instruments to do this (like clepsydras, water clocks, hourglasses, and sundials found on the facades of mosques and medreses). Other aspects were neglected, like the various Ottoman experiments with time and the Ottomans' conceptions of time. This collective volume addresses several of these forgotten aspects of the political, social and cultural modalities of time in the Ottoman Empire. 
546 |a Articles primarily in French; two in English. 
650 0 |a Time perception  |z Turkey  |x History  |v Congresses. 
650 0 |a Time  |v Congresses. 
650 0 |a Calendar  |v Congresses. 
651 0 |a Turkey  |x History  |y Ottoman Empire, 1288-1918  |v Congresses. 
700 1 |a Georgeon, François. 
700 1 |a Hitzel, Frédéric. 
776 0 8 |i Print version:  |t Les Ottomans et le temps  |d Leiden, Boston : BRILL, 2012,  |z 9789004211322 
830 0 |a The Ottoman Empire and its Heritage  |v 49. 
830 0 |a Middle East and Islamic Studies E-Books Online, Collection 2012, ISBN: 9789004223295. 
856 4 |z DOI:   |u http://dx.doi.org/10.1163/9789004217799 
942 |2 lcc  |c EBOOK 
952 |0 0  |1 0  |2 lcc  |4 0  |7 1  |9 22529  |a BRILL  |b BRILL  |d 2021-11-18  |l 0  |r 2021-11-18 00:00:00  |w 2021-11-18  |y EBOOK 
999 |c 40003  |d 40003